Statistics for 30 most populous cities

Click here to take the quiz!

General Stats

  • This quiz has been taken 15 times
  • The average score is 21 of 30

Answer Stats

HintAnswer% Correct
RussiaMoscow
100%
JapanTokyo
100%
IndiaDelhi
93%
MexicoMexico City
93%
FranceParis
93%
ColombiaBogota
86%
PeruLima
86%
BrazilRio de Janeiro
86%
ArgentinaBuenos Aires
79%
TurkiyeIstanbul
79%
IndiaMumbai
79%
JapanOsaka
79%
BrazilSao Paulo
79%
ChinaShanghai
79%
ChinaBeijing
71%
BangladeshDhaka
71%
IndonesiaJakarta
71%
EgyptCairo
64%
ChinaGuangzhou
64%
PakistanKarachi
64%
DR CongoKinshasa
64%
NigeriaLagos
64%
PakistanLahore
64%
IndiaBangalore
57%
IndiaChennai
57%
PhilippinesManila
57%
IndiaKolkata
50%
ChinaTianjin
43%
ChinaChongqing
36%
ChinaShenzhen
36%

Score Distribution

Percentile by Number Answered

Percent of People with Each Score

Your Score History

You have not taken this quiz